00533cam a2200181u 450000100060000000300080000600500170001400800390003103500190007004000330008904100080012208200130013010000320014324500520017526000460022730000270027365000510030017728BD-RjUL20211209000202.0140217s1965 enk 000 0 eng a(BD-RjUL)17786 aDLCcCarPdDLCdBD-RjULbeng aeng a810bDAL1 aDaiches, David,d1912-2005.10aLiterature and education in the United States / aLondon :cOxford university press,b1965. ap. [357]-373 ;c26 cm. 0aLiteraturexStudy and teachingzUnited States.